000 00450nam a2200157 i 4500
001 21392
003 ES-MaACL
005 20230906152453.0
007 t|
008 021125s1933 xxu ||||1| eng d
245 0 0 _aAgricultural systems of middle Europe;
_b: a symposium /
_cedited by O.S. Morgan.
260 _aNew York :
_bThe MacMillan,
_c1933.
300 _aXIX, 405 p. ;
_c24 cm.
700 1 _aMorgan, O. S.
_983524
852 _aES-MaACL
_jA-1975
999 _c21392
_d21392